<?xml version="1.0" encoding="UTF-8"?>
<record
    xmlns:xsi="http://www.w3.org/2001/XMLSchema-instance"
    xsi:schemaLocation="http://www.loc.gov/MARC21/slim http://www.loc.gov/standards/marcxml/schema/MARC21slim.xsd"
    xmlns="http://www.loc.gov/MARC21/slim">

  <leader>03316nam a2200577Ia 4500</leader>
  <controlfield tag="001">5265</controlfield>
  <controlfield tag="008">241029s9999    xx            000 0 und d</controlfield>
  <datafield tag="010" ind1=" " ind2=" ">
    <subfield code="a">4967</subfield>
  </datafield>
  <datafield tag="041" ind1=" " ind2=" ">
    <subfield code="a">Espa&#xF1;ol</subfield>
  </datafield>
  <datafield tag="082" ind1=" " ind2=" ">
    <subfield code="a">MA-PSC-0001</subfield>
  </datafield>
  <datafield tag="245" ind1=" " ind2="0">
    <subfield code="a">Factores sociodemogr&#xE1;ficos que inciden en los trastornos del estado de &#xE1;nimo, en mujeres v&#xED;ctimas de violencia de g&#xE9;nero en la Provincia Hermanas Mirabal, per&#xED;odo enero-agosto 2012</subfield>
  </datafield>
  <datafield tag="260" ind1=" " ind2=" ">
    <subfield code="a">Santo Domingo</subfield>
  </datafield>
  <datafield tag="300" ind1=" " ind2=" ">
    <subfield code="a">91</subfield>
  </datafield>
  <datafield tag="520" ind1=" " ind2=" ">
    <subfield code="a">12</subfield>
  </datafield>
  <datafield tag="630" ind1=" " ind2=" ">
    <subfield code="a">Actitudes</subfield>
  </datafield>
  <datafield tag="630" ind1=" " ind2=" ">
    <subfield code="a">Conducta Humana</subfield>
  </datafield>
  <datafield tag="630" ind1=" " ind2=" ">
    <subfield code="a">Desajustes Conductuales</subfield>
  </datafield>
  <datafield tag="630" ind1=" " ind2=" ">
    <subfield code="a">Violencia</subfield>
  </datafield>
  <datafield tag="630" ind1=" " ind2=" ">
    <subfield code="a">Violencia Intrafamiliar</subfield>
  </datafield>
  <datafield tag="650" ind1=" " ind2=" ">
    <subfield code="a">Violencia</subfield>
  </datafield>
  <datafield tag="690" ind1=" " ind2=" ">
    <subfield code="a">Sintetizado</subfield>
  </datafield>
  <datafield tag="700" ind1=" " ind2=" ">
    <subfield code="e">asesor</subfield>
    <subfield code="a">Viloria Santos, Juan Francisco</subfield>
  </datafield>
  <datafield tag="700" ind1=" " ind2=" ">
    <subfield code="e">autor</subfield>
    <subfield code="a">Aybar M., Dinardy M.</subfield>
  </datafield>
  <datafield tag="700" ind1=" " ind2=" ">
    <subfield code="e">autor</subfield>
    <subfield code="a">Romero, Mar&#xED;a Antonia</subfield>
  </datafield>
  <datafield tag="901" ind1=" " ind2=" ">
    <subfield code="a">{"1":"Aybar M.","2":"Romero"}</subfield>
    <subfield code="b">{"1":"Dinardy M.","2":"Mar&#xED;a Antonia"}</subfield>
  </datafield>
  <datafield tag="902" ind1=" " ind2=" ">
    <subfield code="a">1</subfield>
  </datafield>
  <datafield tag="903" ind1=" " ind2=" ">
    <subfield code="a">{"1":"Viloria Santos"}</subfield>
    <subfield code="b">{"1":"Juan Francisco"}</subfield>
  </datafield>
  <datafield tag="904" ind1=" " ind2=" ">
    <subfield code="a">Maestr&#xED;a Profesionalizante en</subfield>
  </datafield>
  <datafield tag="905" ind1=" " ind2=" ">
    <subfield code="a">Psicolog&#xED;a Educativa</subfield>
  </datafield>
  <datafield tag="906" ind1=" " ind2=" ">
    <subfield code="a">2</subfield>
  </datafield>
  <datafield tag="907" ind1=" " ind2=" ">
    <subfield code="a">NO APLICA</subfield>
  </datafield>
  <datafield tag="908" ind1=" " ind2=" ">
    <subfield code="a">NO APLICA</subfield>
  </datafield>
  <datafield tag="909" ind1=" " ind2=" ">
    <subfield code="a">Universidad Aut&#xF3;noma de Santo Domingo (UASD)</subfield>
  </datafield>
  <datafield tag="910" ind1=" " ind2=" ">
    <subfield code="a">NULL</subfield>
    <subfield code="b">NULL</subfield>
  </datafield>
  <datafield tag="911" ind1=" " ind2=" ">
    <subfield code="a">["1"]</subfield>
  </datafield>
  <datafield tag="912" ind1=" " ind2=" ">
    <subfield code="a">NO APLICA</subfield>
  </datafield>
  <datafield tag="913" ind1=" " ind2=" ">
    <subfield code="a">NULL</subfield>
  </datafield>
  <datafield tag="914" ind1=" " ind2=" ">
    <subfield code="a">01 de Mayo de 2015</subfield>
  </datafield>
  <datafield tag="915" ind1=" " ind2=" ">
    <subfield code="a">28/01/17 10:01</subfield>
  </datafield>
  <datafield tag="916" ind1=" " ind2=" ">
    <subfield code="a">NULL</subfield>
  </datafield>
  <datafield tag="917" ind1=" " ind2=" ">
    <subfield code="a">NULL</subfield>
  </datafield>
  <datafield tag="918" ind1=" " ind2=" ">
    <subfield code="a">NO APLICA</subfield>
  </datafield>
  <datafield tag="919" ind1=" " ind2=" ">
    <subfield code="a">["6","46","57","197","198"]</subfield>
  </datafield>
  <datafield tag="520" ind1=" " ind2=" ">
    <subfield code="a">El estudio sobre los factores sociodemogr&#xE1;ficos que inciden en el estado de &#xE1;nimo, en mujeres v&#xED;ctimas de violencia de g&#xE9;nero en la Provincia Hermanas Mirabal, tiene como prop&#xF3;sito, identificar las mujeres v&#xED;ctimas de violencia de g&#xE9;nero; determinar los tipos de violencia que con mayor frecuencia sufren estas mujeres y establecer, bajo que circunstancia ocurren.La investigaci&#xF3;n est&#xE1; enmarcada bajo un estudio descriptivo,&#xA0; desde un enfoque cuantitativo, con la aplicaci&#xF3;n de los m&#xE9;todos: deductivo, inductivo, de an&#xE1;lisis y s&#xED;ntesis.&#xA0; Las t&#xE9;cnicas aplicadas son: recopilaci&#xF3;n documental y la encuesta, aplicadas a una poblaci&#xF3;n de 302 casos referidos a la Unidad de Atenci&#xF3;n de la Victima de Violencia Intrafamiliar.Luego de procesar y analizar los datos, se concluy&#xF3; que la mayor&#xED;a de casos han sido v&#xED;ctimas de violencia de g&#xE9;nero, predominando la f&#xED;sica y verbal, el maltrato que m&#xE1;s le afecta es la violencia psicol&#xF3;gica y la forma de expresar el maltrato, es mediante la humillaci&#xF3;n.&#xA0;El total de las v&#xED;ctimas siente que se le violan los derechos como mujer y no han buscado ayuda en alg&#xFA;n momento de su vida.&#xA0; Las mujeres v&#xED;ctimas de violencia de g&#xE9;nero, recurren a instituciones alusivas para tratar esta problem&#xE1;tica, donde se sienten en su mayor&#xED;a protegidas.Uno de los motivos que se llega a violencia, es producto de las drogas y/o alcohol.&#xA0; Se conoci&#xF3; que las primeras agresiones en la pareja comenzaron tras tener hijos, donde se sienten muy tristes, a pesar de que la mayor&#xED;a no siente ning&#xFA;n tipo de culpabilidad por alg&#xFA;n suceso acontecido.&#xA0;Las mujeres tienen la autoestima baja, donde diaria o semanalmente sienten depresi&#xF3;n.&#xA0;</subfield>
  </datafield>
  <datafield tag="921" ind1=" " ind2=" ">
    <subfield code="a">50</subfield>
  </datafield>
  <datafield tag="922" ind1=" " ind2=" ">
    <subfield code="a">50</subfield>
  </datafield>
  <datafield tag="923" ind1=" " ind2=" ">
    <subfield code="a">0</subfield>
  </datafield>
  <datafield tag="924" ind1=" " ind2=" ">
    <subfield code="a">NO APLICA</subfield>
  </datafield>
  <datafield tag="942" ind1=" " ind2=" ">
    <subfield code="c">Tesis</subfield>
  </datafield>
  <datafield tag="999" ind1=" " ind2=" ">
    <subfield code="c">4967</subfield>
    <subfield code="d">4967</subfield>
  </datafield>
</record>
